000 00657nam a22002537a 4500
003 UA-OsUOA
001 22459
007 ta
008 20031220b un ||||| |||| 00| 0 ukr d
100 _aДеррида Ж.
090 _a140
_bД36
942 _cBK
040 _aUA-OsUOA
_brus
_cUA-OsUOA
_dUA-OsUOA
245 _aО почтовой открытке от Сократа до Фрейда и не только
300 _a832 с.
955 _a0
041 _arus
080 _a140
020 _a985-456-147-Х
260 _aМинск
_bСовременный литератор
_c1999
044 _aBY
650 7 _2UDC
999 _c308679
_d308679